[Event "BCF-chT 2122 (4NCL)"]
[Site "England"]
[Date "2022.03.27"]
[Round "6.140"]
[White "Montilli, Vincenzo"]
[Black "Lewis, Andrew P"]
[Result "1/2-1/2"]
[WhiteElo "2253"]
[BlackElo "2229"]
[PlyCount "81"]
[EventDate "2021.11.27"]
[EventType "team-swiss"]
[EventRounds "11"]
[EventCountry "ENG"]
[SourceTitle "EXT 2023"]
[Source "ChessBase"]
[SourceDate "2022.10.05"]
[SourceVersion "1"]
[SourceVersionDate "2022.10.05"]
[SourceQuality "1"]
[WhiteTeam "Celtic Tigers"]
[BlackTeam "Anglian Avengers"]
[WhiteTeamCountry "ENG"]
[BlackTeamCountry "ENG"]

1. Nf3 c5 2. c4 g6 3. g3 Bg7 4. Bg2 Nc6 5. Nc3 e6 6. d4 cxd4 7. Nb5 d5 8. cxd5 exd5 9. Nfxd4 Nge7 10. 0-0 0-0 11. Be3 Bg4 12. h3 Bd7 13. Qd2 a6 14. Nc3 Be6 15. Rfd1 Re8 16. Rac1 Qd6 17. b3 Rad8 18. Nxc6 bxc6 19. Ne4 Qd7 20. Nc5 Qc8 21. Kh2 Nf5 22. Bf4 h5 23. e3 Nd6 24. Qa5 Ne4 25. Bxe4 dxe4 26. Rxd8 Rxd8 27. Nxe6 fxe6 28. Rxc6 Qxc6 29. Qxd8+ Kh7 30. Qd2 Qb5 31. Kg2 g5 32. Bd6 Qf5 33. Qe2 g4 34. hxg4 hxg4 35. Bb4 Qf3+ 36. Qxf3 exf3+ 37. Kf1 Kg6 38. e4 Bd4 39. Bd6 Kf7 40. b4 Ke8 41. Ke1 1/2-1/2

[Event "ITA-chTA 51st"]
[Site "Brixen Bressanone"]
[Date "2019.04.27"]
[Round "2.4"]
[White "Dervishi, Erald"]
[Black "Montilli, Vincenzo"]
[Result "1-0"]
[WhiteElo "2559"]
[BlackElo "2248"]
[PlyCount "83"]
[EventDate "2019.04.26"]
[EventType "team-swiss"]
[EventRounds "7"]
[EventCountry "ITA"]
[SourceTitle "CBM 190 Extra"]
[Source "ChessBase"]
[SourceDate "2019.07.15"]
[SourceVersion "1"]
[SourceVersionDate "2019.07.15"]
[SourceQuality "1"]
[WhiteTeam "Marostica Pizzato Elettrica"]
[BlackTeam "Novara Scacchistica"]
[WhiteTeamCountry "ITA"]
[BlackTeamCountry "ITA"]

1. e4 e6 2. d4 d5 3. Nd2 Be7 4. Bd3 c5 5. dxc5 Nf6 6. Qe2 0-0 7. Ngf3 a5 8. c4 Na6 9. e5 Nd7 10. cxd5 exd5 11. 0-0 Naxc5 12. Bc2 b6 13. Rd1 Ba6 14. Qe3 Qc7 15. Nb3 Ne6 16. Bf5 a4 17. Nbd4 Ndc5 18. b4 axb3 19. axb3 g6 20. Bh3 Nxd4 21. Nxd4 Ne4 22. Bb2 Qxe5 23. f3 Qg5 24. Qxg5 Nxg5 25. Bd7 Rad8 26. Bc6 Bc8 27. Nb5 Ne6 28. Bxd5 Nf4 29. Bc4 Bc5+ 30. Kf1 Bf5 31. Rxd8 Rxd8 32. Bf6 Rc8 33. Rd1 Be6 34. Nd6 Ra8 35. Ne4 Nh5 36. Bxe6 fxe6 37. Be5 Be7 38. g4 Ng7 39. Rd7 Bf8 40. Nf6+ Kh8 41. h4 h6 42. f4 1-0

[Event "ITA-ch U20 77th"]
[Site "Cosenza"]
[Date "2017.12.09"]
[Round "6"]
[White "Barp, Alberto"]
[Black "Montilli, Vincenzo"]
[Result "0-1"]
[WhiteElo "2281"]
[BlackElo "2247"]
[PlyCount "140"]
[EventDate "2017.12.03"]
[EventType "tourn"]
[EventRounds "7"]
[EventCountry "ITA"]
[EventCategory "2"]
[SourceTitle "CBM 182 Extra"]
[Source "ChessBase"]
[SourceDate "2018.02.23"]
[SourceVersion "1"]
[SourceVersionDate "2018.02.23"]
[SourceQuality "1"]

1. d4 Nf6 2. c4 c5 3. d5 b5 4. cxb5 a6 5. bxa6 e6 6. dxe6 fxe6 7. e3 Be7 8. Nf3 Nc6 9. Nbd2 0-0 10. b3 d5 11. Bb2 Qc7 12. a3 Bd6 13. Be2 Bxa6 14. Bxa6 Rxa6 15. 0-0 Rb6 16. Qc2 Qf7 17. e4 Qh5 18. h3 Qg6 19. Rfc1 Nh5 20. exd5 Qxc2 21. Rxc2 exd5 22. g3 Re8 23. Re1 Rxe1+ 24. Nxe1 Na5 25. Rc3 c4 26. b4 Be5 27. Rc2 Bxb2 28. Rxb2 c3 29. Rc2 cxd2 30. Rxd2 Nc4 31. Rxd5 Nf6 32. Rd3 Rd6 33. Rc3 Nb6 34. Nf3 h6 35. Kg2 Nfd5 36. Rc5 Na4 37. Ra5 Ndb6 38. Ne5 Rd5 39. Kf3 Rd2 40. b5 Rb2 41. Nc4 Rb3+ 42. Kf4 Kh7 43. h4 Nxc4 44. Rxa4 Nxa3 45. b6 Nb1 46. Ra6 Nd2 47. h5 Nc4 48. Ra8 Nxb6 49. Rd8 Rb5 50. g4 Nd5+ 51. Kg3 Rb3+ 52. f3 Nc3 53. Re8 Rb2 54. Kf4 Ne2+ 55. Ke3 Ng1 56. Rf8 Nh3 57. Ke4 Re2+ 58. Kd3 Re1 59. Kd2 Re7 60. Kd3 Ng5 61. Kd2 Rf7 62. Rxf7 Nxf7 63. Ke3 Kg8 64. f4 Nd6 65. Kd4 Kf7 66. Kd5 Nb5 67. Ke5 Na3 68. g5 Nc4+ 69. Kd4 Nd6 70. Kd5 Nf5 0-1

[Event "Biella op 8th"]
[Site "Biella"]
[Date "2017.09.23"]
[Round "3"]
[White "Podetti, Davide"]
[Black "Montilli, Vincenzo"]
[Result "1/2-1/2"]
[WhiteElo "2134"]
[BlackElo "2259"]
[PlyCount "90"]
[EventDate "2017.09.22"]
[EventType "swiss"]
[EventRounds "5"]
[EventCountry "ITA"]
[SourceTitle "CBM 180 Extra"]
[Source "ChessBase"]
[SourceDate "2017.10.06"]
[SourceVersion "1"]
[SourceVersionDate "2017.10.06"]
[SourceQuality "1"]

1. d4 d5 2. Nc3 e6 3. e4 Nf6 4. e5 Nfd7 5. f4 c5 6. Nf3 Be7 7. Be3 Nc6 8. Qd2 b6 9. Be2 0-0 10. 0-0 Bb7 11. Rad1 Rc8 12. Kh1 Na5 13. f5 exf5 14. dxc5 Nxc5 15. b4 Ne4 16. Nxe4 dxe4 17. bxa5 exf3 18. gxf3 Bc5 19. Qxd8 Rfxd8 20. Bxc5 bxc5 21. Kg1 Bd5 22. a3 f4 23. Ba6 Rb8 24. Rd3 Bc6 25. Rfd1 Re8 26. Rc3 Rxe5 27. Rd6 Re6 28. Rxe6 fxe6 29. Kf2 Rd8 30. Rxc5 Rd6 31. Bd3 h6 32. Rc3 Kf7 33. Rb3 Kf6 34. Rb8 Rd7 35. Rc8 Bb7 36. Rb8 Rc7 37. a6 Bd5 38. Rb4 Ke5 39. Rb5 Kd6 40. Rb4 g5 41. Rb8 Bc4 42. Be4 Bxa6 43. Rh8 Bb7 44. Bd3 Rg7 45. h3 Bd5 1/2-1/2

[Event "Pardubice Czech op-A 28th"]
[Site "Pardubice"]
[Date "2017.07.29"]
[Round "9"]
[White "Paprocki, Jaroslaw"]
[Black "Montilli, Vincenzo"]
[Result "1/2-1/2"]
[WhiteElo "2192"]
[BlackElo "2266"]
[PlyCount "136"]
[EventDate "2017.07.21"]
[EventType "swiss"]
[EventRounds "9"]
[EventCountry "CZE"]
[SourceTitle "CBM 179 Extra"]
[Source "ChessBase"]
[SourceDate "2017.08.23"]
[SourceVersion "1"]
[SourceVersionDate "2017.08.23"]
[SourceQuality "1"]

1. d4 Nf6 2. c4 c5 3. d5 b5 4. cxb5 a6 5. bxa6 g6 6. Nc3 Bg7 7. e4 0-0 8. Nf3 Qa5 9. Bd2 Bxa6 10. Bxa6 Qxa6 11. Qe2 e6 12. dxe6 fxe6 13. Be3 d5 14. Bxc5 Rc8 15. Bd4 Nxe4 16. Bxg7 Kxg7 17. Nxe4 Qxe2+ 18. Kxe2 dxe4 19. Nd2 Rc2 20. Rhc1 Rxb2 21. a3 Ra7 22. Rab1 Rxb1 23. Rxb1 Nd7 24. Nxe4 Kf7 25. Nd6+ Kf6 26. Rb7 Rxb7 27. Nxb7 Nb6 28. Kd3 Ke5 29. Nc5 Kd5 30. Ne4 h6 31. Nf6+ Kc5 32. h4 Nc4 33. Ke4 Nxa3 34. Ke5 Nc2 35. Kxe6 Ne1 36. g3 Nd3 37. f4 Nc1 38. Kf7 Ne2 39. Kxg6 Nxg3 40. f5 Kd6 41. Nh5 Ne2 42. Kxh6 Nd4 43. Ng7 Nf3 44. h5 Ke7 45. Kg6 Ne5+ 46. Kg5 Nf7+ 47. Kf4 Nh6 48. Ne6 Kf6 49. Nd4 Nf7 50. Ne2 Ng5 51. Ng3 Nh3+ 52. Kg4 Nf2+ 53. Kh4 Nd3 54. Kg4 Nf2+ 55. Kf3 Nd3 56. Ke3 Ne5 57. Ke4 Nf7 58. Kf4 Kg7 59. Ne4 Kh6 60. Nf6 Ng5 61. Ke5 Nf3+ 62. Ke4 Ng5+ 63. Kd5 Nf3 64. Ke4 Ng5+ 65. Ke3 Nh3 66. Kf3 Kg5 67. Ne4+ Kxf5 68. Kg3 Kxe4 1/2-1/2

[Event "Pardubice Czech op-A 28th"]
[Site "Pardubice"]
[Date "2017.07.23"]
[Round "3"]
[White "Vetoshko, Volodymyr"]
[Black "Montilli, Vincenzo"]
[Result "1-0"]
[WhiteElo "2505"]
[BlackElo "2266"]
[PlyCount "71"]
[EventDate "2017.07.21"]
[EventType "swiss"]
[EventRounds "9"]
[EventCountry "CZE"]
[SourceTitle "CBM 179 Extra"]
[Source "ChessBase"]
[SourceDate "2017.08.23"]
[SourceVersion "1"]
[SourceVersionDate "2017.08.23"]
[SourceQuality "1"]

1. e4 c5 2. Nf3 Nc6 3. d4 cxd4 4. Nxd4 Nf6 5. Nc3 e5 6. Ndb5 d6 7. Bg5 a6 8. Na3 b5 9. Nd5 Be7 10. Bxf6 Bxf6 11. c3 0-0 12. Nc2 Rb8 13. h4 a5 14. Nce3 b4 15. Bc4 bxc3 16. bxc3 g6 17. Nxf6+ Qxf6 18. Nd5 Qd8 19. h5 Be6 20. Qd2 g5 21. 0-0 h6 22. Ne3 Qc7 23. Rfd1 Rfd8 24. Bxe6 fxe6 25. a4 Ne7 26. Qa2 Kf7 27. Rd3 Rb6 28. Rad1 Rc6 29. Ng4 d5 30. Nxh6+ Kg7 31. Ng4 Rxc3 32. Qd2 Rxd3 33. Qxg5+ Kf7 34. Rxd3 dxe4 35. Qf6+ Ke8 36. Qh8+ 1-0

[Event "Pardubice Czech op-A 28th"]
[Site "Pardubice"]
[Date "2017.07.22"]
[Round "2"]
[White "Montilli, Vincenzo"]
[Black "Hauchard, Arnaud"]
[Result "1/2-1/2"]
[WhiteElo "2266"]
[BlackElo "2550"]
[PlyCount "68"]
[EventDate "2017.07.21"]
[EventType "swiss"]
[EventRounds "9"]
[EventCountry "CZE"]
[SourceTitle "CBM 179 Extra"]
[Source "ChessBase"]
[SourceDate "2017.08.23"]
[SourceVersion "1"]
[SourceVersionDate "2017.08.23"]
[SourceQuality "1"]

1. c4 g6 2. g3 Bg7 3. Bg2 e5 4. Nc3 d6 5. e3 f5 6. Nge2 Nf6 7. 0-0 0-0 8. d3 Kh8 9. b3 c6 10. Bb2 Qe7 11. Qd2 Na6 12. Rad1 Nc7 13. Rfe1 Bd7 14. h3 Rad8 15. f4 Bc8 16. Kh2 Qf7 17. Na4 Ne6 18. b4 b5 19. fxe5 dxe5 20. cxb5 cxb5 21. Nc5 e4 22. Nd4 Nxc5 23. bxc5 exd3 24. Qxd3 Qxa2 25. Qxb5 Qf7 26. Nc6 Rxd1 27. Rxd1 g5 28. Rf1 Qh5 29. Kg1 f4 30. exf4 Bxh3 31. fxg5 Qxg5 32. Bxh3 Qxg3+ 33. Bg2 Qe3+ 34. Kh1 Qh6+ 1/2-1/2

[Event "Omegna op 4th"]
[Site "Omegna"]
[Date "2016.08.07"]
[Round "4"]
[White "Montilli, Vincenzo"]
[Black "Vezzosi, Paolo"]
[Result "1/2-1/2"]
[WhiteElo "2270"]
[BlackElo "2340"]
[PlyCount "124"]
[EventDate "2016.08.05"]
[EventType "swiss"]
[EventRounds "5"]
[EventCountry "ITA"]
[SourceTitle "EXT 2018"]
[Source "ChessBase"]
[SourceDate "2017.10.13"]
[SourceVersion "1"]
[SourceVersionDate "2017.10.13"]
[SourceQuality "1"]

1. Nf3 c5 2. c4 Nf6 3. g3 Nc6 4. Bg2 d5 5. cxd5 Nxd5 6. Nc3 Nc7 7. 0-0 e5 8. b3 f6 9. Bb2 Be7 10. Rc1 0-0 11. Ne1 Bd7 12. Nd3 Rc8 13. f4 exf4 14. Nxf4 b6 15. e3 Bd6 16. Ncd5 Qe8 17. Nxc7 Bxc7 18. Nd5 Be5 19. d4 cxd4 20. exd4 Bd6 21. Qd2 Qg6 22. Nf4 Qh6 23. a3 Ne7 24. Qd3 Ng6 25. Bd5+ Kh8 26. Rxc8 Rxc8 27. Ne2 Qh5 28. Bf3 Qb5 29. Be4 Qxd3 30. Bxd3 Be6 31. Rc1 Rxc1+ 32. Nxc1 Kg8 33. Kf2 Kf7 34. Bc4 Ne7 35. Ne2 b5 36. Bxb5 Bxb3 37. Ke3 g5 38. Kd3 f5 39. Bc1 Kg6 40. a4 Nd5 41. Bd2 Nb4+ 42. Kc3 Bd1 43. Be3 Nd5+ 44. Kd3 Nxe3 45. Kxe3 Bb4 46. Nc1 Kf6 47. Nd3 Bd6 48. Bc6 h5 49. a5 Bb3 50. a6 Bc4 51. Bb7 Bb5 52. Ne1 f4+ 53. Kf2 fxg3+ 54. hxg3 h4 55. Ng2 Kg6 56. Ne3 Ba3 57. Ng2 Bb2 58. Ke3 Ba3 59. Kf2 Bc1 60. Bc8 Bb2 61. Ke3 Bc1+ 62. Kf2 Bb2 1/2-1/2

[Event "Mortara Weekend 5th"]
[Site "Mortara"]
[Date "2015.09.18"]
[Round "4"]
[White "Scarsella, Lorenzo Luigi"]
[Black "Montilli, Vincenzo"]
[Result "1-0"]
[WhiteElo "1915"]
[BlackElo "2201"]
[PlyCount "131"]
[EventDate "2015.09.18"]
[EventType "swiss"]
[EventRounds "5"]
[EventCountry "ITA"]
[SourceTitle "EXT 2024"]
[Source "ChessBase"]
[SourceDate "2023.10.10"]
[SourceVersion "1"]
[SourceVersionDate "2023.10.10"]
[SourceQuality "1"]

1. d4 Nf6 2. Nf3 c5 3. c3 e6 4. Bg5 Qc7 5. e3 b6 6. Bd3 Bb7 7. 0-0 Nc6 8. Nbd2 d6 9. Qe2 h6 10. Bh4 g5 11. Bg3 Nh5 12. a4 Nxg3 13. fxg3 Be7 14. Qf2 0-0-0 15. Rfc1 h5 16. b4 h4 17. g4 f5 18. d5 exd5 19. Bxf5+ Kb8 20. a5 Rdf8 21. e4 dxe4 22. Nxe4 h3 23. axb6 axb6 24. g3 d5 25. Nexg5 Bxg5 26. Nxg5 Ne5 27. Qf4 Rhg8 28. Ne6 Qd6 29. Re1 Nc4 30. Qxd6+ Nxd6 31. Nxf8 Rxf8 32. Re6 Rd8 33. Rae1 Ba6 34. bxc5 bxc5 35. Re7 Bb7 36. Rd7 Rxd7 37. Bxd7 Ne4 38. Re3 Ng5 39. Kf2 Ne4+ 40. Ke2 d4 41. Rxe4 Bxe4 42. cxd4 cxd4 43. g5 Kc7 44. Bxh3 Kd6 45. Bg4 Ke5 46. Kd2 Bb1 47. Be2 Ke6 48. Bd3 Ba2 49. h4 Kf7 50. Be4 Bc4 51. h5 Kg7 52. h6+ Kg8 53. g6 Kh8 54. g4 Kg8 55. g5 Kf8 56. g7+ Kg8 57. g6 Ba2 58. Kd3 Bb1+ 59. Kxd4 Bxe4 60. h7+ Kxg7 61. Kxe4 Kh8 62. Kf5 Kg7 63. Ke6 Kh8 64. Ke7 Kg7 65. h8Q+ Kxh8 66. Kf6 1-0

[Event "Trieste op 17th"]
[Site "Trieste"]
[Date "2015.09.03"]
[Round "8"]
[White "Montilli, Vincenzo"]
[Black "Lodici, Lorenzo"]
[Result "0-1"]
[WhiteElo "2165"]
[BlackElo "2348"]
[PlyCount "100"]
[EventDate "2015.08.29"]
[EventType "swiss"]
[EventRounds "9"]
[EventCountry "ITA"]
[SourceTitle "EXT 2016"]
[Source "ChessBase"]
[SourceDate "2015.10.08"]
[SourceVersion "1"]
[SourceVersionDate "2015.10.08"]
[SourceQuality "1"]

1. Nf3 f5 2. c4 Nf6 3. g3 g6 4. Bg2 Bg7 5. 0-0 d6 6. d4 0-0 7. Nc3 c6 8. Qc2 Kh8 9. Re1 Na6 10. a3 Nc7 11. b4 Nh5 12. Bb2 e5 13. dxe5 dxe5 14. e4 f4 15. Nb1 Qe7 16. c5 Bg4 17. Nbd2 Rad8 18. Rab1 Nb5 19. a4 Nd4 20. Bxd4 exd4 21. Qd3 Nf6 22. b5 Nd7 23. bxc6 bxc6 24. Rec1 fxg3 25. hxg3 Qf6 26. Qf1 Bh6 27. Rc2 d3 28. Qxd3 Ne5 29. Qc3 Bxd2 30. Nxd2 Rd3 31. Qb2 Qxf2+ 32. Kh1 Qxg3 33. Nc4 Re8 34. Nxe5 Rxe5 35. Rf1 Kg7 36. Qb7+ Kh6 37. Qf7 Rh5+ 38. Kg1 Qh2+ 39. Kf2 Qg3+ 40. Kg1 Qh2+ 41. Kf2 Rf3+ 42. Qxf3 Bxf3 43. Kxf3 Rh4 44. Ke3 Qg3+ 45. Kd4 Qb3 46. Rff2 Qxa4+ 47. Ke5 Rh5+ 48. Kd6 Qd4+ 49. Kxc6 Rxc5+ 50. Rxc5 Qxf2 0-1

[Event "Robecchetto op-A 26th"]
[Site "Robecchetto"]
[Date "2015.07.26"]
[Round "5"]
[White "Cavallini, Gianfranco"]
[Black "Montilli, Vincenzo"]
[Result "0-1"]
[WhiteElo "2102"]
[BlackElo "2161"]
[PlyCount "84"]
[EventDate "2015.07.24"]
[EventType "swiss"]
[EventRounds "5"]
[EventCountry "ITA"]
[SourceTitle "EXT 2016"]
[Source "ChessBase"]
[SourceDate "2015.10.08"]
[SourceVersion "1"]
[SourceVersionDate "2015.10.08"]
[SourceQuality "1"]

1. b3 d5 2. Bb2 c5 3. e3 Nc6 4. Nf3 Nf6 5. Be2 e6 6. 0-0 Bd6 7. a3 0-0 8. d3 b6 9. Nbd2 Bb7 10. c4 Qe7 11. Rc1 Rac8 12. Rc2 Rfd8 13. Qa1 Bb8 14. cxd5 Rxd5 15. Ne4 Ne8 16. Ng3 Rdd8 17. Nd2 f6 18. Rfc1 Ne5 19. d4 cxd4 20. exd4 Rxc2 21. Rxc2 Nf7 22. Nf3 Bd5 23. Bc4 Qb7 24. Qe1 Bd6 25. Bxd5 Qxd5 26. Qe3 Nh6 27. Re2 Nc7 28. Ne4 Nf5 29. Qc1 Qb7 30. g4 Ne7 31. Nxd6 Rxd6 32. Qf4 Rd7 33. g5 Ng6 34. Qg3 Qd5 35. Rc2 Ne8 36. gxf6 gxf6 37. Rc8 Kf7 38. Nd2 Nd6 39. Rb8 Nf5 40. Qh3 Nfh4 41. f3 Qg5+ 42. Qg4 Nxf3+ 0-1

[Event "Arolo di Leggiuno op 4th"]
[Site "Arolo di Leggiuno"]
[Date "2015.05.09"]
[Round "3"]
[White "Montilli, Vincenzo"]
[Black "Erdelyi, Tamas"]
[Result "1/2-1/2"]
[WhiteElo "2181"]
[BlackElo "2101"]
[PlyCount "20"]
[EventDate "2015.05.08"]
[EventType "swiss"]
[EventRounds "5"]
[EventCountry "ITA"]
[SourceTitle "CBM 166 Extra"]
[Source "ChessBase"]
[SourceDate "2015.06.18"]
[SourceVersion "1"]
[SourceVersionDate "2015.06.18"]
[SourceQuality "1"]

1. Nf3 c5 2. c4 b6 3. g3 Bb7 4. Bg2 Nf6 5. 0-0 g6 6. d4 cxd4 7. Qxd4 Bg7 8. Nc3 d6 9. Be3 Nbd7 10. Rad1 Rc8 1/2-1/2

[Event "Robecchetto op-A 25th"]
[Site "Robecchetto"]
[Date "2014.12.29"]
[Round "6"]
[White "Motola, Jacopo"]
[Black "Montilli, Vincenzo"]
[Result "1/2-1/2"]
[WhiteElo "2069"]
[BlackElo "2121"]
[PlyCount "38"]
[EventDate "2014.12.26"]
[EventType "swiss"]
[EventRounds "6"]
[EventCountry "ITA"]
[SourceTitle "EXT 2017"]
[Source "ChessBase"]
[SourceDate "2016.10.25"]
[SourceVersion "1"]
[SourceVersionDate "2016.10.25"]
[SourceQuality "1"]

1. e4 e6 2. d4 d5 3. Nc3 Nf6 4. e5 Nfd7 5. Nf3 c5 6. dxc5 Nc6 7. Bf4 Bxc5 8. Bd3 a6 9. 0-0 h6 10. h4 0-0 11. h5 f6 12. exf6 Qxf6 13. Bg3 Nde5 14. Nxe5 Nxe5 15. Be2 Kh8 16. Kh2 Nc6 17. Bg4 Bd4 18. Qd2 b5 19. Rae1 Ne5 1/2-1/2

[Event "Robecchetto op-A 25th"]
[Site "Robecchetto"]
[Date "2014.12.27"]
[Round "3"]
[White "Montilli, Vincenzo"]
[Black "Damia, Angelo"]
[Result "1/2-1/2"]
[WhiteElo "2121"]
[BlackElo "2177"]
[PlyCount "47"]
[EventDate "2014.12.26"]
[EventType "swiss"]
[EventRounds "6"]
[EventCountry "ITA"]
[SourceTitle "EXT 2017"]
[Source "ChessBase"]
[SourceDate "2016.10.25"]
[SourceVersion "1"]
[SourceVersionDate "2016.10.25"]
[SourceQuality "1"]

1. Nf3 e6 2. c4 d5 3. g3 dxc4 4. Qa4+ Nd7 5. Bg2 a6 6. Qxc4 b5 7. Qc2 Bb7 8. 0-0 Ngf6 9. Nc3 c5 10. d3 Be7 11. a4 Qb6 12. axb5 axb5 13. Rxa8+ Bxa8 14. Qb3 b4 15. Nb1 Bd5 16. Qc2 0-0 17. Bg5 h6 18. Bxf6 Nxf6 19. Nbd2 Nd7 20. Ra1 Ra8 21. Rxa8+ Bxa8 22. Nc4 Qa6 23. Nfd2 Bd5 24. h3 1/2-1/2

[Event "Omegna op-A 2nd"]
[Site "Omegna"]
[Date "2014.08.09"]
[Round "2"]
[White "Vezzosi, Paolo"]
[Black "Montilli, Vincenzo"]
[Result "0-1"]
[WhiteElo "2274"]
[BlackElo "2068"]
[PlyCount "110"]
[EventDate "2014.08.08"]
[EventType "swiss"]
[EventRounds "5"]
[EventCountry "ITA"]
[SourceTitle "EXT 2024"]
[Source "ChessBase"]
[SourceDate "2023.10.10"]
[SourceVersion "1"]
[SourceVersionDate "2023.10.10"]
[SourceQuality "1"]

1. d4 Nf6 2. c4 c5 3. d5 b5 4. cxb5 a6 5. b6 d6 6. Nc3 g6 7. Nf3 Bg7 8. e4 0-0 9. Be2 Bg4 10. 0-0 Bxf3 11. Bxf3 Nbd7 12. a4 Qxb6 13. a5 Qc7 14. Be2 Rfb8 15. Qc2 Qb7 16. Ra3 Ne8 17. Na4 Nc7 18. Rh3 Nb5 19. Bc4 Nd4 20. Qd1 Qb4 21. b3 Qxa5 22. f4 Qc7 23. Bd2 Rb7 24. Re1 a5 25. Qg4 Rab8 26. Qh4 Nf8 27. Rb1 Nc2 28. Bc3 Na3 29. Bxg7 Kxg7 30. Qh6+ Kg8 31. Rf1 Nxc4 32. bxc4 Rb1 33. Rhf3 R8b4 34. Nc3 Rxf1+ 35. Kxf1 Rxc4 36. f5 Qb7 37. fxg6 hxg6 38. h4 Qb2 39. Qe3 Nd7 40. h5 Ne5 41. Rg3 Qa1+ 42. Kf2 Ng4+ 43. Rxg4 Qxc3 44. hxg6 Qxe3+ 45. Kxe3 a4 46. gxf7+ Kxf7 47. Rf4+ Kg7 48. Rf2 a3 49. Ra2 Rc3+ 50. Kf4 Kf6 51. g4 Rb3 52. g5+ Kg6 53. e5 Rb4+ 54. Ke3 Ra4 55. Kd3 Kxg5 0-1

[Event "Wch U16"]
[Site "Al Ain"]
[Date "2013.12.27"]
[Round "10"]
[White "Dale, Ari"]
[Black "Montilli, Vincenzo"]
[Result "1/2-1/2"]
[WhiteElo "2289"]
[BlackElo "2039"]
[PlyCount "81"]
[EventDate "2013.12.18"]
[EventType "swiss"]
[EventRounds "11"]
[EventCountry "UAE"]
[SourceTitle "CBM 158 Extra"]
[Source "ChessBase"]
[SourceDate "2014.02.28"]
[SourceVersion "1"]
[SourceVersionDate "2014.02.28"]
[SourceQuality "1"]

1. d4 Nf6 2. c4 g6 3. Nc3 Bg7 4. e4 d6 5. h3 0-0 6. Bg5 Nbd7 7. Nf3 e5 8. d5 a5 9. g4 Nc5 10. Nd2 h6 11. Be3 Nh7 12. Rg1 Kh8 13. Qc2 f5 14. gxf5 gxf5 15. Be2 Na6 16. exf5 Bxf5 17. Nde4 Qh4 18. Bg4 Bg6 19. Qe2 Nf6 20. Nxf6 Qxf6 21. 0-0-0 Bh7 22. Rg3 Rae8 23. Bh5 Re7 24. Rdg1 Qf5 25. Bg6 Bxg6 26. Rxg6 Kh7 27. Qg4 Qxg4 28. R1xg4 Rf6 29. Rxf6 Bxf6 30. Ne4 Rf7 31. a3 Be7 32. Kc2 Rf3 33. Rg3 Rf7 34. Kc3 b6 35. b4 axb4+ 36. axb4 Nb8 37. Rg1 Nd7 38. Ra1 Nf6 39. Ng3 Bf8 40. Ra7 Kg6 41. b5 1/2-1/2